Mezinárodní migrace pracovních sil dizertační práce

Saved in:
Bibliographic Details
Main Author: Naďová, Lucie
Corporate Author: Ekonomická univerzita v Bratislave. Obchodná fakulta
Other Authors: Lipková, Ľudmila
Format: Book
Language:Czech
Published: Bratislava 2000
Subjects:
Tags: Add Tag
No Tags, Be the first to tag this record!

MARC

LEADER 00000nbm a2200000 4500
001 0178956
005 20240104091703.5
041 0 |a cze 
044 |a SK 
245 1 0 |a Mezinárodní migrace pracovních sil  |b dizertační práce  |c Lucie Naďová ; školiteľ: Ľudmila Lipková 
264 1 |a Bratislava  |c 2000 
300 |a 173 s. 
610 2 0 |a migrácia 
610 2 0 |a sily pracovné 
610 2 0 |a trh práce 
100 1 |a Naďová, Lucie 
700 1 |a Lipková, Ľudmila 
710 2 |a Ekonomická univerzita v Bratislave. Obchodná fakulta